LEADER 01393oam 2200421zu 450 001 996202161203316 005 20210806235941.0 035 $a(CKB)1000000000022388 035 $a(SSID)ssj0000454234 035 $a(PQKBManifestationID)12175318 035 $a(PQKBTitleCode)TC0000454234 035 $a(PQKBWorkID)10415483 035 $a(PQKB)11562409 035 $a(EXLCZ)991000000000022388 100 $a20160829d2006 uy 101 0 $aeng 181 $ctxt 182 $cc 183 $acr 200 10$a2004 2nd IEEE/EMBS International Summer School on Medical Devices and Biosensors (ISSS-MDBS 2004), Hong Kong, China, 26 June -- 2 July 2004 210 31$a[Place of publication not identified]$cIEEE$d2006 300 $aBibliographic Level Mode of Issuance: Monograph 311 $a0-7803-8612-4 606 $aBiomedical engineering$vCongresses 606 $aBiosensors$vCongresses 606 $aHealth & Biological Sciences$2HILCC 606 $aBiomedical Engineering$2HILCC 615 0$aBiomedical engineering 615 0$aBiosensors 615 7$aHealth & Biological Sciences 615 7$aBiomedical Engineering 676 $a610.28 712 12$aIEEE/EMBS International Summer School on Medical Devices and Biosensors 801 0$bPQKB 906 $aPROCEEDING 912 $a996202161203316 996 $a2004 2nd IEEE$92511057 997 $aUNISA LEADER 02064nam 2200481z- 450 001 9910557258403321 005 20211118 035 $a(CKB)5400000000041373 035 $a(oapen)https://directory.doabooks.org/handle/20.500.12854/73592 035 $a(oapen)doab73592 035 $a(EXLCZ)995400000000041373 100 $a20202111d2020 |y 0 101 0 $aeng 135 $aurmn|---annan 181 $ctxt$2rdacontent 182 $cc$2rdamedia 183 $acr$2rdacarrier 200 00$aHIV-Associated Immune Activation and Persistent Inflammation 210 $cFrontiers Media SA$d2020 215 $a1 online resource (147 p.) 311 08$a2-88963-438-8 330 $aThis eBook is a collection of articles from a Frontiers Research Topic. Frontiers Research Topics are very popular trademarks of the Frontiers Journals Series: they are collections of at least ten articles, all centered on a particular subject. With their unique mix of varied contributions from Original Research to Review Articles, Frontiers Research Topics unify the most influential researchers, the latest key findings and historical advances in a hot research area! Find out more on how to host your own Frontiers Research Topic or contribute to one as an author by contacting the Frontiers Editorial Office: frontiersin.org/about/contact 606 $aImmunology$2bicssc 606 $aMedicine and Nursing$2bicssc 610 $abeta-D-glucan 610 $aCXCL12 610 $adysbiosis 610 $afungal translocation 610 $aLPS 610 $amicrobial translocation 610 $anon-AIDS events 615 7$aImmunology 615 7$aMedicine and Nursing 700 $aHoenigl$b Martin$4edt$01287896 702 $aGianella$b Sara$4edt 702 $aKessler$b Harald H$4edt 702 $aHoenigl$b Martin$4oth 702 $aGianella$b Sara$4oth 702 $aKessler$b Harald H$4oth 906 $aBOOK 912 $a9910557258403321 996 $aHIV-Associated Immune Activation and Persistent Inflammation$93020538 997 $aUNINA